| 000 | 00843nam a22002177a 4500 | ||
|---|---|---|---|
| 999 |
_c11419 _d11419 |
||
| 003 | AR-CdUCM | ||
| 008 | 190319b ||||| |||| 00| 0 spa d | ||
| 040 |
_aMUNICIPALIDAD PROVINCIAL DEL CUSCO _cBIBLIOTECA MUNICIPAL DEL CUSCO |
||
| 082 |
_a985.004 / _bV17R / 1945 |
||
| 100 |
_aValcárcel, Luis E. _9628 |
||
| 245 | _aRuta cultural del Perú / | ||
| 260 |
_aMéxico : _bFondo de cultura economica, _c1973. |
||
| 300 |
_a279 páginas ; _c21 cm. |
||
| 440 |
_aTierra firme ; _n7 _928772 |
||
| 505 | _aContenido: Nombre y fama del Perú -- Perú en la América Antigua -- paisaje del Perú -- Geografía y cultura ... | ||
| 650 |
_aEnsayos - Indígenas - Perú _919027 |
||
| 650 |
_aHistoria del Perú - Época prehispánica - Ensayos _919028 |
||
| 650 |
_aPerú - Civilización - Ensayos _919029 |
||
| 942 |
_2ddc _cLIBROS |
||
| 945 | _awnts | ||